Making diversity work : (Record no. 362890)
[ view plain ]
| 000 -LEADER | |
|---|---|
| fixed length control field | 00521nam a2200145Ia 4500 |
| 008 - FIXED-LENGTH DATA ELEMENTS--GENERAL INFORMATION | |
| fixed length control field | 200110s9999 xx 000 0 und d |
| 020 ## - INTERNATIONAL STANDARD BOOK NUMBER | |
| International Standard Book Number | 0-7931-7763-4 |
| 100 ## - MAIN ENTRY--PERSONAL NAME | |
| Personal name | Thiederman, Sondra |
| 245 ## - TITLE STATEMENT | |
| Statement of responsibility, etc | Sondra Thiederman.-- |
| Title | Making diversity work : |
| Remainder of title | 7 steps for defeating bias in the workplace / |
| 260 ## - PUBLICATION, DISTRIBUTION, ETC. (IMPRINT) | |
| Place of publication, distribution, etc | Chicago : |
| Name of publisher, distributor, etc | Dearborn Trade Publishing |
| Date of publication, distribution, etc | 2003 |
| 300 ## - PHYSICAL DESCRIPTION | |
| Extent | xix, 199 pages |
| Dimensions | 23 cm. |
| 500 ## - GENERAL NOTE | |
| General note | Includes appendix,and index. |
| 650 ## - SUBJECT ADDED ENTRY--TOPICAL TERM | |
| Topical term or geographic name as entry element | Discrimination in employment. |
| 650 ## - SUBJECT ADDED ENTRY--TOPICAL TERM | |
| Topical term or geographic name as entry element | Diversity in the workplace. |
| Withdrawn status | Lost status | Damaged status | Home library | Current library | Shelving location | Date acquired | Total Checkouts | Full call number | Barcode | Date last seen | Price effective from | Koha item type |
|---|---|---|---|---|---|---|---|---|---|---|---|---|
| Southville International School Affiliated with Foreign Universities Library | Southville International School Affiliated with Foreign Universities Library | Southville Foreign University Section | 01/10/2020 | HD 4903 .T48 2003 | SFU1459 | 01/10/2020 | 01/10/2020 | Books |